000 00562nam a2200193Ia 4500
999 _c8702
_d8702
003 OSt
005 20201009100541.0
008 190216s9999||||xx |||||||||||||| ||und||
020 _a0074630903
040 _coclc
082 _a005.432
_bDAS/U
100 _aDas, Sumitabha
_95502
245 0 _aUnix- Concepts And Applications /
_cSumitabha Das
250 _a2nd Ed.
260 _bTata Mcgraw Hill Publishing Company Ltd,
_c2001.
_aNew Delhi:
300 _a565p
650 _aComputer
942 _cBK
_2ddc
_h005.432
_iDAS/U
_k005.432
_mDAS/U